Animals by Letter and Picture-H - Statistics

General Stats
  • This quiz has been taken 65 times
  • The average score is 11 of 15
Answer Stats
Picture Answer % Correct
Hippo
96%
Horse
96%
Hedgehog
89%
Hummingbird
89%
Hyena
89%
Hammerhead Shark
87%
Hare
87%
Hermit crab
80%
Hawk
78%
Heron
74%
Hamster
65%
Howler Monkey
54%
Hornbill
43%
Hartebeest
30%
Hoatzin
20%
No matching quizzes found
Score Distribution
Percent of People with Each Score
Percentile by Number Answered
Your Score History
You have not taken this quiz